000 00178nam a22000857a 4500
003 SGT
245 _aJournal of Maxillofacial & Oral Surgery
260 _c2008-2011
942 _2ddc
_cBV
999 _c27593
_d27593